Normal view
MARC view
- Preman P S (Guide)
Entry Personal Name
001 - CONTROL NUMBER
- control field: 4999
003 - CONTROL NUMBER IDENTIFIER
- control field: OSt
005 - DATE AND TIME OF LATEST TRANSACTION
- control field: 20210907144038.0
008 - FIXED-LENGTH DATA ELEMENTS
- fixed length control field: 210907|| aca||aabn | a|a d
040 ## - CATALOGING SOURCE
- Original cataloging agency: OSt
- Transcribing agency: OSt
100 ## - HEADING--PERSONAL NAME
- Personal name: Preman P S (Guide)
670 ## - SOURCE DATA FOUND
- Source citation: Work cat.: (OSt)17408: Kiran K J 4984, Design and Development of Wheel sprayer, 2021
